Hay muchos modos de jugar

Uloženo v:
Podrobná bibliografie
Hlavní autor: Nogueras, Luis Rogelio (autor)
Médium: Kniha
Jazyk:španělština
Vydáno: La Habana Extramuros 1990
Témata:
Tagy: Přidat tag
Žádné tagy, Buďte první, kdo vytvoří štítek k tomuto záznamu!

MARC

LEADER 00000nam a2200000 a 4500
001 UCX3424
003 CL-VaPUC
008 911106e19900000CU |||||||||||||||||spa|d
082 0 4 |a Cu861  |b NOG  |2 21 
100 |a Nogueras, Luis Rogelio  |e autor  |9 319610 
245 1 0 |a Hay muchos modos de jugar 
300 |a 17 h 
942 |c BK 
945 |d 19911106 00:00:00 
260 |a La Habana  |b Extramuros  |c 1990 
650 0 |a Poesías cubanas  |9 316897 
583 |a last modification  |c 19911106 00:00:00  |k Rodrigo Vera 
999 |c 224191  |d 224189 
952 |0 0  |1 0  |4 0  |6 CU_861_000000000000000_NOG_1990  |7 0  |8 A  |9 220670  |a BIBEDU  |b BIBEDU  |d 2019-11-15  |i 2893924  |o Cu861 NOG 1990  |p 2893924  |r 2019-11-15  |w 2019-11-15  |y BK  |k LIT